000 00623nam a2200241Ia 4500
003 OSt
005 20221007110308.0
006 a|||||r|||| 00| 0
007 ta
008 221006b |||||||| |||| 00| 0 eng d
024 _a20,822
037 _cTextual
040 _aLCO
_cLCO
_beng
041 _2eng
_aeng
082 _aZA,2, L9
100 _aBhatia H.S
245 0 _aMartial Law
_b Theory and Practice
260 _aNew
_bDelhi Deep & Deep Publications India
_c1979
300 _a240
650 _aMARTIAL LAW
_9707332
942 _hZA,2, L9
_cTEXL
999 _c1190385
_d1190385